000 01264nam a2200373 a 4500
001 vtls000391641
003 NLI
005 20210602200053.0
008 110114s2005 nyuabc e 001 0 eng
020 _a0816052611
_c$40.00
039 9 _y201101140108
_zVLOAD
040 _aNLI :
_beng
_cNLMARC21
041 0 _aeng
044 _anyu
082 0 4 _a917.04
_222
100 1 _aCox, Caroline
_9581177
245 1 0 _aOpening up North America 1497 - 1800/
_cCaroline Cox [and] Ken Albala; general eds. : John S. Bowman and Maurice Isserman
260 _aNew York :
_bFacts on file,
_c2005
300 _axii, 196p. :
_bill., maps, ports.;
_c24cm
500 _aGlossary: p. 174 - 179
504 _aIncludes bibliographical references and index
650 0 _aExplorers
_zNorth America
_xHistory
_vJuvenile literature
_9581178
651 0 _aNorth America
_xDiscovery and exploration
_vJuvenile literature
_9581179
700 1 _aBowman, John S.
_q(John Stewart),
_d1931-
_4edt
_9577685
700 1 _aIsserman, Maurice
_4edt
_9226432
887 _aPartha Ghosh sg
901 _a552523
_b6.4.06
902 _aJ/E 917.04 C 839
904 _aPartha Ghosh
905 _asg
942 _2ddc
_cBKS
949 _AVIRTUAITEM
_D10012
_X100
_6552523
999 _aVIRTUA40
_c352995
_d352995